Clay art / (Record no. 3333)

MARC details
000 -LEADER
fixed length control field 00975nam a22003017a 4500
001 - CONTROL NUMBER
control field 3333
003 - CONTROL NUMBER IDENTIFIER
control field FISKH
005 - DATE AND TIME OF LATEST TRANSACTION
control field 20240229095229.0
008 - FIXED-LENGTH DATA ELEMENTS--GENERAL INFORMATION
fixed length control field 240228b cb ||||| |||| 00| 0 eng d
020 ## - INTERNATIONAL STANDARD BOOK NUMBER
International Standard Book Number 9780439045957
040 ## - CATALOGING SOURCE
Original cataloging agency FISKH
Language of cataloging eng
Transcribing agency FISKH
Modifying agency FISKH
050 ## - LIBRARY OF CONGRESS CALL NUMBER
Classification number TT921.C36
082 ## - DEWEY DECIMAL CLASSIFICATION NUMBER
Classification number 738.12
100 ## - MAIN ENTRY--PERSONAL NAME
Personal name Chanko, Pamela
245 ## - TITLE STATEMENT
Title Clay art /
Remainder of title by Pamela Chanko ; ilustrated by Betsey Chessen
260 ## - PUBLICATION, DISTRIBUTION, ETC.
Place of publication, distribution, etc. New York :
Name of publisher, distributor, etc. Scholastic ,
Date of publication, distribution, etc. 1999
300 ## - PHYSICAL DESCRIPTION
Extent 16 unnumbered pages :
Other physical details color illustrations ;
Dimensions 19 cm .
490 ## - SERIES STATEMENT
Series statement Learning Center Emergent Readers
505 ## - FORMATTED CONTENTS NOTE
Formatted contents note E <br/>
520 ## - SUMMARY, ETC.
Summary, etc. Shows how Gloria Elliott uses clay to make sculptures, mobiles, music boxes, necklaces, and finger puppets.
521 8# - TARGET AUDIENCE NOTE
Target audience note 270 <br/>
Source Lexile <br/><br/>
521 8# - TARGET AUDIENCE NOTE
Target audience note E <br/>
Source Raz-Plus <br/>
600 ## - SUBJECT ADDED ENTRY--PERSONAL NAME
Source of heading or term pottery craft
Form subdivision Juvenile literature
650 ## - SUBJECT ADDED ENTRY--TOPICAL TERM
Topical term or geographic name entry element artist tools
Form subdivision non-fiction
700 ## - ADDED ENTRY--PERSONAL NAME
Personal name Chessen, Betsey
Relator term illustrator
942 ## - ADDED ENTRY ELEMENTS (KOHA)
Source of classification or shelving scheme Dewey Decimal Classification
Koha item type Books
Suppress in OPAC No
Holdings
Withdrawn status Lost status Source of classification or shelving scheme Damaged status Not for loan Collection Home library Current library Shelving location Date acquired Total Checkouts Full call number Barcode Date last seen Price effective from Koha item type
    Dewey Decimal Classification     Non-Fiction Footprints International School Library Network Toul Kork Campus Footprints International School Library Network Toul Kork Campus   02/28/2024   CHA 738.12 TT921.C36 FISTK02388 02/28/2024 02/28/2024 Books